000 00888nam a2200229 i 4500
001 38053
003 ES-MaACL
005 20250403172937.0
007 t|
008 030224s1951 sp ||||1| spa d
100 1 _aCabarrocas Gutarra, Pedro.
_933161
245 1 0 _aCurso práctico de contabilidad general
_b: libro del maestro /
_cpor Pedro Cabarrocas Gutarra.
260 _aGerona :
_bDalmáu Carles,
_c1951.
300 _a207 p. ;
_c22 cm.
510 _aCCPB,
_c001233348-4
650 4 _911307
_aContabilidad
852 _aES-MaACL
_jD-6491
_bR.32632
_bR.M.6084
_939436
_cSVI
_gAnotación manuscrita en cubierta: "32"
_xEncuadernación holandesa
_hSello en tinta: "DONATIVO"
942 _2udc
_cMONOGRAFIA
999 _c38053
_d38053